| 000 | 01742cam a2200421 a 4500 | ||
|---|---|---|---|
| 001 | 15474766 | ||
| 003 | DLC | ||
| 005 | 20170221160103.0 | ||
| 007 | sd fungnn|||eu | ||
| 008 | 081003s2009 nyu 000 0 eng | ||
| 010 | _a 2008938823 | ||
| 015 |
_aGBA925484 _2bnb |
||
| 015 |
_aGBA925476 _2bnb |
||
| 016 | 7 |
_a014926695 _2Uk |
|
| 016 | 7 |
_a014926687 _2Uk |
|
| 020 | _a9780764195402 (pbk. and cd pkg.) | ||
| 020 | _a0764195409 (pbk. and cd pkg.) | ||
| 020 | _a9780764140785 (pbk.) | ||
| 020 | _a0764140787 (pbk.) | ||
| 035 | _a(OCoLC)ocn246897287 | ||
| 040 |
_aUKM _cUKM _dBTCTA _dYDXCP _dOQX _dDLC |
||
| 041 | 0 |
_aeng _aspa |
|
| 042 | _alccopycat | ||
| 050 | 0 | 0 |
_aPC4120.C6 _bH37 2009 |
| 082 | 0 | 4 |
_a468.3421 _222 |
| 100 | 1 | _aHarvey, William C. | |
| 245 | 1 | 0 |
_aSpanish for employers / _cWilliam C. Harvey. |
| 260 |
_aHauppauge, N.Y. : _bBarron's ; _aEnfield : _bPublishers Group UK [distributor], _cc2009. |
||
| 300 |
_aiv, 283 p. ; _c23 cm. |
||
| 500 | _a"Managers, Foremen, Human Resources Personnel ... Communicate with Hispanic employees who speak little or no English ... Specialized vocabulary for employers and extensive English-Spanish glossary"--Cover. | ||
| 505 | 0 | _aBasic skills -- The employee -- The workplace -- The training -- The difficulties -- The business. | |
| 650 | 0 |
_aSpanish language _vConversation and phrase books (for businesspeople) |
|
| 650 | 0 |
_aSpanish language _vConversation and phrase books _xEnglish. |
|
| 650 | 0 |
_aSpanish language _xBusiness Spanish. |
|
| 650 | 0 |
_aSpanish language _vSound recordings for English speakers. |
|
| 942 |
_2ddc _cBK |
||
| 999 |
_c16530 _d16530 |
||